000 00204 a2200097 4500
020 _a9780825409998
041 _aspa
100 _aAnonimo
245 _aNumeros conceptos y figuras Geometricas
942 _cBK
999 _c15985
_d15985